000 00219 a2200097 4500
001 11959
100 _aPye. L.W.
245 _aCommunications and political
260 _a
_bPrinceton, new jersey
_c
090 _c9213
_d9213
942 _aNUST-CAE
_cM
_c36060
999 _c247032
_d247032